000 00699nam a2200217 i 4500
001 134443
003 ES-MaACL
005 20230906194656.0
007 t|
008 070910s1956 sp ||||1| spa d
100 1 _aQuentin, Patrick.
_994521
245 1 0 _aEnigma para actores /
_cPatrick Quentin [seud. col. de Richar W. Webb y Hugh C. Wheeler] ; traducción de J. Kogan Albert.
260 _aBarcelona :
_bE.D.H.A.S.A.,
_c[1956]
300 _a301 p. ;
_c18 cm.
490 1 _aEl último círculo
700 1 _aWebb, Richard Wilson.
_9116242
700 1 _aWheeler, Hugh.
_9116618
830 0 _aEl último círculo
_9219847
852 _aES-MaACL
_jC-13447
_bR.40507
999 _c134443
_d134443